| 000 | 00676nam a22002297a 4500 | ||
|---|---|---|---|
| 003 | dpl | ||
| 005 | 20250908155713.0 | ||
| 008 | 240724b |||||||| |||| 00| 0 eng d | ||
| 010 | _aENG-146840 | ||
| 035 | _aEN-130372 | ||
| 037 | _bDBAD | ||
| 040 |
_aDPL _c0 |
||
| 082 | _a577.274 | ||
| 245 |
_aWeapons Handbook/ _cEdited by Akun Sabharwal ; Amarvir Yadav and R.K. Basker |
||
| 250 | _a1 | ||
| 260 |
_aTelangana _bSardar Vallabhbhai Patel National Police Academy _c2019 |
||
| 270 |
_bHyderabad _e500052 |
||
| 300 |
_a174p. _c30cm(pbk) _bindex |
||
| 700 |
_aYadav, Amarvir _984954 |
||
| 700 |
_aBasker, R.K. _984955 |
||
| 942 |
_2ddc _cEN _h577.274 _mWEA |
||
| 999 |
_c213403 _d213403 |
||